|
|
|
|
| LEADER |
00000ckm a2200000 a 4500 |
| 001 |
vtls001337674 |
| 003 |
SK-MaSNL |
| 005 |
20260425231825.0 |
| 007 |
kf co |
| 008 |
230718q1998 xo g 0kuslo |
| 015 |
|
|
|a SNBG1999/02-01069
|
| 035 |
|
|
|a SNK000290678
|
| 035 |
|
|
|a F0EEDA1D-0438-489E-9B9C-F91C9328440E
|
| 035 |
|
|
|a urn:nbn:sk:snk-km00gin5
|
| 040 |
|
|
|a SNK
|b slo
|c SNK
|e AACR2
|
| 041 |
0 |
|
|a slo
|
| 043 |
|
|
|a e-xo---
|
| 044 |
|
|
|a xo
|c SK
|
| 072 |
|
7 |
|a 913
|x Regionálna geografia
|2 konspekt
|
| 080 |
|
|
|a 793.31+784.4(084.121)
|2 1981
|
| 080 |
|
|
|a 784.4
|2 1981
|
| 080 |
|
|
|a 913(437.6)
|2 2011
|
| 080 |
|
|
|a 780.6
|2 2011
|
| 080 |
|
|
|a 398:316.353
|2 2011
|
| 080 |
|
|
|a (084.121)
|2 2011
|
| 080 |
|
|
|a 391
|2 2011
|
| 100 |
1 |
|
|a Lašut, Filip,
|d 1945-2012
|4 pht
|4 pbl
|9 151668
|
| 245 |
1 |
0 |
|a Folklórny súbor Turiec
|h grafika
|b Martin
|c foto a vydanie Filip Lašut Slovensko
|
| 260 |
|
|
|a [Vrútky?]
|b Filip Lašut Slovensko
|c 1998
|e Skalica
|f Grafobal a. s.
|
| 300 |
|
|
|a 1 pohľadnica (3 čiastkové pohľady)
|b farebná
|c 11 x 15 cm
|
| 500 |
|
|
|a Na adresnej časti uvedené: "Foto a vydanie © Filip Lašut Slovensko"
|
| 500 |
|
|
|a Rok vydania určený na základe prírastkového čísla
|
| 520 |
8 |
|
|a Zobrazenie: Tri čiastkové pohľady oddelené bielymi líniami. Vľavo hore je červeno-biely znak na modrom podklade s textom: "Folklórny súbor Turiec Martin Slovakia". Pohľad na tanečníkov súboru na trávnatej ploche v popredí, v pozadí za nimi sú drevené domy a pred nimi listnaté stromy uprostred a vpravo. Pohľad na hudobníkov folklórnej skupiny, v pozadí za nimi je drevená stavba so strechou zo sena. Pohľad na päť speváčok folklórneho súboru sediacich na lavici pred domom. Na všetkých pohľadoch sú členovia súboru oblečení v miestnych ľudových krojoch
|
| 610 |
2 |
7 |
|a Turiec (folklórny súbor)
|2 SNKKA
|9 181843
|
| 650 |
0 |
7 |
|a folklórne skupiny
|2 SNKPH
|9 59176
|
| 650 |
0 |
7 |
|a ľudové odevy
|2 SNKPH
|9 85297
|
| 650 |
0 |
7 |
|a hudobné nástroje
|2 SNKPH
|9 3930
|
| 651 |
|
7 |
|a Martin (Slovensko)
|2 SNKPHgeo
|9 16875
|
| 655 |
|
7 |
|a miestne pohľadnice
|2 SNKPH
|9 70510
|
| 852 |
|
|
|a Slovenská národná knižnica
|
| 954 |
|
|
|a pohľadnice pôvodné (slovenské)
|2 lita
|
| 958 |
|
|
|a GBN
|
| 958 |
|
|
|a GC
|
| 958 |
|
|
|a OND
|
| 958 |
|
|
|a EUIPO
|
| 999 |
|
|
|c 718713
|d 720643
|
| 952 |
|
|
|t P60, <03>, [BOOK], {603}
|a SNK
|b SNK
|y PREZ
|7 0
|p 17A1410351
|o snkSP 148603
|i snkPV 743/98
|0 0
|1 0
|4 0
|d 1998-07-20
|f 1
|l 0
|r 2005-01-02 00:00:00
|w 2026-02-23
|
| 952 |
|
|
|t P60, <04>, [BOOK], {604}
|a SNK
|b SNK
|y PREZ
|7 0
|p 17A0400821
|o snkSP 148603 D1
|i snkPV 744/98
|0 0
|1 0
|4 0
|d 1998-07-20
|l 0
|r 2005-01-02 00:00:00
|w 2026-02-23
|